000 00931nac a22002777a 4500
001 BR4400040
003 BR-BrBNA
005 20250218120203.0
008 230509b bl.|||m| |||| 00| 0 por d
040 _aBR-BrBNA
_bpor
_cBiblioteca Nacional de Agricultura
072 _aL73
090 _a6000 BR4400040
100 1 _aMoussatche, I.
110 1 _aDepartamento Nacional da Producao animal, Rio de Janeiro, GB (Brasil). Inst. de Biologia Animal;
_93209
110 1 _aServico de Informacao Agricola, Rio de Janeiro, GB (Brasil)
245 1 _aEpiteliose contagiosa das aves (Bouba)
260 3 _aRio de Janeiro, GB (Brasil):
_c1944.
300 _a10 p.
490 _aSIA (Brazil)
_vno. 175
500 _a5 ref.
650 _aDoenca animal
650 _aAve domestica
650 _aBouba aviaria
856 _uhttps://repositorio-dspace.agricultura.gov.br/bitstream/1/5971/1/1944%20SIA%20175.pdf
942 _2AGRIS
_n0
_cMS
999 _c260528
_d260528